000 00730namaa2200169 i 4500
001 173777
003 ES-MaACL
005 20230906215337.0
008 100118s1854 sp |||| | spa d
040 _aSpMaBN
_bspa
_cPAB
100 1 _aAriza, Juan de.
_9141983
245 1 0 _aPedro Navarro
_b: drama en tres actos y en verso /
_coriginal de Juan de Ariza.
260 _aMadrid :
_b[s.n.],
_c1854 (
_fImp. de C. González)
300 _a75 p. ;
_c19 cm.
500 _aEn port.: Estrenado en el teatro de la Cruz el 20 de octubre de 1854.
852 _aES-MaACL
_jB-8603(17)
_z.- Enc. pasta española
_q.- Falto de la cub. original
_z.- Enc. en un vol. facticio formando parte de la col. facticia "Teatro español moderno", vol. 56
999 _c173777
_d173777